Epidemiologie a hygiena pro 2. ročník odborných učilišť /

Main Author: Dvořáková, Eva
Language: Czech
Published: Praha : Septima, 2000
Edition: 1. vyd.
Physical Description: 46 s. ; 20 cm
Book
Saved in:
LEADER 01252nam a2200361 a 4500
001 000536590
003 CZ BrMZK
005 20080121130230.0
007 ta
008 010907s2000 xr d p cze d
015 |a cnb000977592 
020 |a 80-7216-123-7 
035 |a (OCoLC)85006458 
040 |a BOA001  |b cze 
072 7 |a 616  |x Patologie. Klinická medicína  |2 Konspekt  |9 14 
072 7 |a 37.016  |x Učební osnovy. Vyučovací předměty. Učebnice  |2 Konspekt  |9 22 
080 |a 616-036.22  |2 MRF 
080 |a 613/614  |2 MRF 
080 |a (075.3)  |2 MRF 
100 1 |a Dvořáková, Eva  |7 jn20001227715  |4 aut 
245 1 0 |a Epidemiologie a hygiena pro 2. ročník odborných učilišť /  |c Eva Dvořáková 
246 1 4 |a Epidemiologie a hygiena pro odborná učiliště 
250 |a 1. vyd. 
260 |a Praha :  |b Septima,  |c 2000 
300 |a 46 s. ;  |c 20 cm 
500 |a Bibliogr. 
650 0 7 |a epidemiologie  |7 ph114481  |2 czenas 
650 0 7 |a hygiena  |7 ph114742  |2 czenas 
655 7 |a učebnice středních škol  |7 fd133771  |2 czenas 
655 7 |a učebnice učňovských škol  |7 fd338605  |2 czenas 
910 |a BOA001  |b 2-1078.201 
990 |a BK 
996 6 |b 2610123173  |c 2-1078.201  |l MZK  |r Sklad / do 1 hodiny  |n 0  |p p.v.  |w 000536590  |u 000010  |a 1  |e BOA001  |j MZK50  |s P